Strings of Letters #11 - Statistics

General Stats
  • This quiz has been taken 21 times
  • The average score is 22 of 36
Answer Stats
String Definition Answer % Correct
fan (literature) The literary genre generally dealing with themes of magic and the supernatural, imaginary worlds and creatures, etc. fantasy
95%
fan A very young human being, from birth to the end of the twelfth month of life. infant
95%
dag (weaponry) A stabbing weapon, similar to a sword but with a short, double-edged blade. dagger
84%
fan Soldiers who fight on foot (on land), as opposed to cavalry and other mounted units, regardless of external transport (e.g. airborne). infantry
84%
eat Covered in perspiration. sweaty
84%
dag An old saying which has been overused or considered a cliché; a trite maxim. adage
79%
dag A strip of gauze or similar material used to protect or support a wound or injury. bandage
79%
ich 1. To enhance.2. To make (someone or something) wealthy or wealthier. enrich
79%
hag To argue for a better deal, especially over prices with a seller. haggle
79%
eat The short term state of the atmosphere at a specific time and place, including the temperature, relative humidity, cloud cover, precipitation, wind, etc. weather
79%
hag A traditional Scottish dish made from minced sheep offal with oatmeal and spices, etc., originally boiled in the stomach of a sheep but now often in an artificial casing, and usually served with neeps and tatties (mashed swede and potatoes) and accompanied with whisky. haggis
74%
ich (ornithology) A large flightless bird of the order Struthioniformes. ostrich
74%
ich A dish or foodstuff where at least one piece, but typically two or more pieces, of bread serves as the wrapper or container of some other food. sandwich
74%
gab 1. A person on a trip of indeterminate destination and/or length of time.2. One who usually wanders from place to place, having no fixed dwelling, or not abiding in it, and usually without the means of honest livelihood. A vagrant, a hobo. vagabond
74%
dag (music) A tempo mark directing that a passage is to be played rather slowly, leisurely and gracefully. adagio
68%
eat One who violates rules in order to gain, or attempt to gain, advantage from a situation. cheater
68%
dag An external body part that projects from the body. appendage
63%
hag (anatomy) The tube that carries food from the pharynx to the stomach. esophagus
63%
hag Looking exhausted, worried, or poor in condition. haggard
63%
ich A pie made primarily of egg and cream, perhaps mixed with chopped meat or vegetables, in a pastry crust. quiche
63%
hag Having long, thick, and uncombed hair, fur or wool. shaggy
63%
gab (architecture) The triangular area at the peak of an external wall adjacent to, and terminating, two sloped roof surfaces (pitches). gable
58%
gab (computing, formal) One billion (109, or 1,000,000,000) bytes or 1,000 megabytes. gigabyte
58%
eat A holster for a sword; a scabbard. sheath
58%
ich Something, most often a phrase or expression, that is overused or used outside its original context, so that its original impact and meaning are lost. A trite saying; a platitude. cliché
53%
ich Any of many symbiotic organisms, being associations of algae and fungi, often found as white or yellow-to-blue–green patches on rocks, old walls, etc. lichen
53%
eat To beseech or supplicate (a person); to prevail upon by prayer or solicitation; to try to persuade. entreat
47%
fan Obscene, lewd or abusive language. profanity
47%
fan A dry red wine of California. Or, the small black grape from which that wine is made. zinfandel
47%
gab (informal) Inclined to talk too much, especially about trivia. gabby
37%
dag The profession of teaching; the activities of educating, teaching or instructing. pedagogy
37%
fan (of a person's hair) Styled so as to puff out in a rounded shape. bouffant
26%
gab Extremely persistent and untiring. indefatigable
26%
eat A warning; a qualification or exemption. caveat
21%
gab (of a body of water) Deep enough and wide enough to afford passage to vessels. navigable
16%
hag Distress of mind caused by a failure of aims or plans, want of appreciation, mistakes etc; vexation or mortification. chagrin
11%
No matching quizzes found
Score Distribution
Percent of People with Each Score
Percentile by Number Answered
Your Score History
You have not taken this quiz